KOHA-Header-6

Auditing : An ISA perspective (Record no. 7889)

000 -LEADER
fixed length control field 00257nam a2200109Ia 4500
100 ## - MAIN ENTRY--AUTHOR NAME
Personal name Muhammad Asif
245 #0 - TITLE STATEMENT
Title Auditing : An ISA perspective
260 ## - PUBLICATION, DISTRIBUTION, ETC. (IMPRINT)
Place of publication Lahore
Name of publisher SKANS
Year of publication 2013
300 ## - PHYSICAL DESCRIPTION
Number of Pages 500
942 ## - ADDED ENTRY ELEMENTS (KOHA)
Koha item type Books
Holdings
Withdrawn status Lost status Collection code Permanent Location Current Location Shelving location Date acquired Full call number Accession Number Koha item type
      MAJU MAJU   2019-09-12 658.98 2167 Accounting

Powered by Koha